01117cam a22003011a 4500001001300000003000400013005001700017008004100034010001700075035001900092040005900111042001200170043001200182050002400194070002200218072000900240100004200249245011900291260004400410300003900454440004900493500010900542504003000651500002000681650004900701650004800750999001700798gs 58000251 DLC20260227111407.0790920s1959 dcuab b f001 0 eng c ags 58000251  a(OCoLC)5393115 aU.S. Geol. Survey. Libr.cTxLTdTxLTdDNALdOCoLCdDLC apremarc an-us-ca00aTC801b.U2 no. 14670 a407bG29W no.14670 aP2001 aWilson, H. D.q(Harry Dennis),d1919-10aGround-water appraisal of Santa Ynez River basin, Santa Barbara County, California, 1945-52 /cby H.D. Wilson, Jr. aWashington, D.C. :bU.S. G.P.O.,c1959. avi, 119 p. :bill., maps ;c24 cm. 0aGeological Survey water-supply paper ;v1467 a"Prepared in cooperation with the U.S. Bureau of Reclamation and the Santa Barbara County Water Agency." aBibliography: p. 108-109. aIncludes index. 0aWater-supplyzCaliforniazSanta Ynez Valley. 0aGroundwaterzCaliforniazSanta Ynez Valley. c29286d29286